Programación didáctica de ESPA. Programaciones didácticas. Nivel II - Módulo IV. Ámbito social (Record no. 65616)

MARC details
000 -LEADER
campo de control de longitud fija 00748nmm a2200205Ia 4500
008 - DATOS DE LONGITUD FIJA--INFORMACIÓN GENERAL
campo de control de longitud fija 251105s9999||||xx |||||||||||||||||und||
041 ## - CÓDIGO DE IDIOMA
Código de lengua del texto/banda sonora o título independiente spa
100 ## - ENTRADA PRINCIPAL--NOMBRE DE PERSONA
Nombre de persona Franco Agudo, Carlos
245 #0 - MENCIÓN DEL TÍTULO
Título Programación didáctica de ESPA. Programaciones didácticas. Nivel II - Módulo IV. Ámbito social
264 ## - PRODUCCIÓN, PUBLICACIÓN, DISTRIBUCIÓN, FABRICACIÓN Y COPYRIGHT
Producción, publicación, distribución, fabricación y copyright [Madrid, España] :
Nombre del de productor, editor, distribuidor, fabricante Ministerio de Educación, Cultura y Deporte de España,
Fecha de producción, publicación, distribución, fabricación o copyright 2010
300 ## - DESCRIPCIÓN FÍSICA
Extensión 45 páginas
650 ## - PUNTO DE ACCESO ADICIONAL DE MATERIA--TÉRMINO DE MATERIA
Término de materia o nombre geográfico como elemento de entrada Education
700 ## - ENTRADA AGREGADA--NOMBRE PERSONAL
Nombre de persona Franco Agudo, Carlos
700 1# - ENTRADA AGREGADA--NOMBRE PERSONAL
Nombre de persona Gallur Muleiro, Mercedes
700 1# - ENTRADA AGREGADA--NOMBRE PERSONAL
Nombre de persona García de Diego, María Dolores
700 1# - ENTRADA AGREGADA--NOMBRE PERSONAL
Nombre de persona Martínez Martínez, Miguel Ángel
700 1# - ENTRADA AGREGADA--NOMBRE PERSONAL
Nombre de persona Otras menciones: Terán Herranz,
856 ## - LOCALIZACIÓN Y ACCESO ELECTRÓNICOS
Identificador Uniforme de Recursos <a href="https://public.digitaliapublishing.com/a/14757">https://public.digitaliapublishing.com/a/14757</a>
942 ## - ELEMENTOS DE ENTRADA SECUNDARIOS (KOHA)
Tipo de ítem Koha Libro Digital

No items available.

Powered by Koha